Benvinguts al parc! / Xarxa de parcs naturals
Publicado:
Barcelona :
Diputació de Barcelona. Àrea de Territori i Sostenibilitat. Gerència de Serveis d'Espais Naturals ,
2012
Descripción Física:
1 desplegable : col. ; 44 x 44 cm plegat a 22 x 11 cm
MARC
| LEADER | 00000nam a2200000Ia 4500 | ||
|---|---|---|---|
| 001 | 23810 | ||
| 008 | 160829s2012 xx 000 0 cat d | ||
| 080 | |a FU-62-46 | ||
| 245 | |a Benvinguts al parc! / Xarxa de parcs naturals | ||
| 260 | |a Barcelona : |b Diputació de Barcelona. Àrea de Territori i Sostenibilitat. Gerència de Serveis d'Espais Naturals, |c 2012 | ||
| 300 | |a 1 desplegable : |b col. ; |c 44 x 44 cm plegat a 22 x 11 cm | ||
| 610 | 0 | |a Parc Agrari del Baix Llobregat (Catalunya) |x Guies |9 56376 | |
| 710 | 1 | |a Barcelona (Catalunya : Província). |b Xarxa de Parcs Naturals |9 7250 | |
| 710 | 1 | |a Barcelona (Catalunya : Província). |b Gerència de Serveis d’Espais Naturals |9 52730 | |
| 710 | 1 | |a Baix Empordà (Catalunya). |b Consell Comarcal |9 51460 | |
| 710 | 1 | |a Catalunya. |b Generalitat |9 12125 | |
| 710 | 2 | |a Unió de Pagesos |9 63410 | |
| 901 | |a Arxiu | ||
| 942 | |n 1 | ||
| 952 | |0 0 |1 0 |4 0 |6 FU6246 |7 1 |9 55348 |a Arxiu |b Arxiu |d 2016-12-01 |l 0 |o FU-62-46 |p 23810 |r 2016-12-01 00:00:00 |w 2016-12-01 |y ARXIU | ||
| 999 | |c 59221 |d 59221 | ||